00713nam a2200145 a 450000100100000000500170001000800410002704000250006808200150009310000270010824501590013526000580029430000210035250001940037300003627620200930075637.0120112s1969 ve 000 0 spa d aDO-SdBNPbspacBNPHU axxxbB456a1 aBenaim Pinto, Henrique10aAnálisis del estado actual de la educación medica en Venezuela :bCon observaciones sobre nuestra problematica universitaria /cHenrique Benaim Pinto. aVenezuela :bUniversidad Central de Venezuela,c1969. a283 p. ;c23 cm. aCorrelato al tema formación de profesionales de la medicina, presentado al VII Congreso Venezolano de Ciencias Médicas - Caracas 23-30 de octubre, 1967- actualizado para febrero de 1969